De la derecha a la izquierda : (Record no. 94106)
[ view plain ]
| 000 -LEADER | |
|---|---|
| campo de control de longitud fija | 01557cam a2200349 4500 |
| 001 - NÚMERO DE CONTROL | |
| campo de control | 24693 |
| 005 - FECHA Y HORA DE LA ÚLTIMA TRANSACCIÓN | |
| campo de control | 20230410142342.0 |
| 008 - DATOS DE LONGITUD FIJA--INFORMACIÓN GENERAL | |
| campo de control de longitud fija | 060907s2000 ck spa |
| 020 ## - NÚMERO INTERNACIONAL ESTÁNDAR DEL LIBRO | |
| Número Internacional Estándar del Libro | 9586149102 |
| 035 ## - NÚMERO DE CONTROL DEL SISTEMA | |
| -- | funglode24878 |
| 041 ## - CÓDIGO DE IDIOMA | |
| Código de lengua del texto/banda sonora o título independiente | spa |
| 050 14 - SIGNATURA TOPOGRÁFICA DE LA BIBLIOTECA DEL CONGRESO | |
| Número de clasificación | BX 1470 |
| Número de ítem | L331d 2000 |
| 082 00 - NÚMERO DE LA CLASIFICACIÓN DECIMAL DEWEY | |
| Número de clasificación | 261.7 |
| 100 1# - ENTRADA PRINCIPAL--NOMBRE DE PERSONA | |
| Nombre de persona | LaRosa, Michael |
| Forma completa/desarrollada del nombre | (Michael J.) |
| 240 10 - TÍTULO UNIFORME | |
| Título uniforme | Cleavages of the cross. |
| Lenguaje de la obra | Spanish |
| 245 10 - MENCIÓN DEL TÍTULO | |
| Título | De la derecha a la izquierda : |
| Resto del título | la iglesia católica en la Colombia contemporánea / |
| Mención de responsabilidad, etc. | Michael J. LaRosa ; prólogo de Ana María Bidegain ; traducción de Juan Pablo Lombana. |
| 260 ## - PUBLICACIÓN, DISTRIBUCIÓN, ETC. | |
| Lugar de publicación, distribución, etc. | Santafé de Bogotá : |
| Nombre del editor, distribuidor, etc. | Planeta colombiana Editorial, |
| Fecha de publicación, distribución, etc. | 2000 |
| 300 ## - DESCRIPCIÓN FÍSICA | |
| Extensión | 272p. ; |
| Dimensiones | 24 cm. |
| 440 #3 - MENCIÓN DE SERIE/PUNTO DE ACCESO ADICIONAL--TÍTULO | |
| Título | La línea del horizonte |
| 500 ## - NOTA GENERAL | |
| Nota general | Originally presented in English as the author's thesis (doctoral--University of Miami, 1995) under the title: Cleavages of the cross : the Catholic Church from right to left in contemporary Colombia. |
| 610 20 - PUNTO DE ACCESO ADICIONAL DE MATERIA--NOMBRE DE ENTIDAD CORPORATIVA | |
| Nombre de entidad corporativa o nombre de jurisdicción como elemento de entrada | Catholic Church |
| Subdivisión general | Political activity |
| Subdivisión geográfica | Colombia. |
| 610 20 - PUNTO DE ACCESO ADICIONAL DE MATERIA--NOMBRE DE ENTIDAD CORPORATIVA | |
| Nombre de entidad corporativa o nombre de jurisdicción como elemento de entrada | Catholic Church |
| Subdivisión geográfica | Colombia |
| Subdivisión general | History |
| Subdivisión cronológica | 20th century. |
| 650 #0 - PUNTO DE ACCESO ADICIONAL DE MATERIA--TÉRMINO DE MATERIA | |
| Término de materia o nombre geográfico como elemento de entrada | Church and social problems |
| Subdivisión geográfica | Colombia |
| Subdivisión general | Catholic Church. |
| 650 #0 - PUNTO DE ACCESO ADICIONAL DE MATERIA--TÉRMINO DE MATERIA | |
| Término de materia o nombre geográfico como elemento de entrada | Church and state |
| Subdivisión geográfica | Colombia |
| Subdivisión general | History |
| Subdivisión cronológica | 20th century. |
| 651 #0 - PUNTO DE ACCESO ADICIONAL DE MATERIA--NOMBRE GEOGRÁFICO | |
| Nombre geográfico | Colombia |
| Subdivisión general | Politics and government |
| Subdivisión cronológica | 20th century. |
| 610 24 - PUNTO DE ACCESO ADICIONAL DE MATERIA--NOMBRE DE ENTIDAD CORPORATIVA | |
| Nombre de entidad corporativa o nombre de jurisdicción como elemento de entrada | Iglesia Católica |
| Subdivisión geográfica | Colombia. |
| 610 24 - PUNTO DE ACCESO ADICIONAL DE MATERIA--NOMBRE DE ENTIDAD CORPORATIVA | |
| Nombre de entidad corporativa o nombre de jurisdicción como elemento de entrada | Iglesia Católica |
| Subdivisión general | Actividad política |
| Subdivisión geográfica | Colombia. |
| 650 #4 - PUNTO DE ACCESO ADICIONAL DE MATERIA--TÉRMINO DE MATERIA | |
| Término de materia o nombre geográfico como elemento de entrada | Iglesia y estado |
| Subdivisión geográfica | Colombia |
| Subdivisión cronológica | 1930-1970. |
| 650 #4 - PUNTO DE ACCESO ADICIONAL DE MATERIA--TÉRMINO DE MATERIA | |
| Término de materia o nombre geográfico como elemento de entrada | Iglesia y problemas sociales |
| Subdivisión geográfica | Colombia. |
| 650 #4 - PUNTO DE ACCESO ADICIONAL DE MATERIA--TÉRMINO DE MATERIA | |
| Término de materia o nombre geográfico como elemento de entrada | Guerrillas colombianas. |
| 942 ## - ELEMENTOS DE ENTRADA SECUNDARIOS (KOHA) | |
| Fuente del sistema de clasificación o colocación | Clasificación de Library of Congress |
| Tipo de ítem Koha | |
| Estatus retirado | Estado de pérdida | Fuente del sistema de clasificación o colocación | Estado de daño | No para préstamo | Colección | Biblioteca de origen | Biblioteca actual | Ubicación en estantería | Fecha de adquisición | Serial enumeration / chronology | Signatura topográfica completa | Código de barras | Visto por última vez | Copia número | Tipo de ítem Koha |
|---|---|---|---|---|---|---|---|---|---|---|---|---|---|---|---|
| Clasificación de Library of Congress | Humanidades | Biblioteca Juan Bosch | Biblioteca Juan Bosch | Humanidades (4to. Piso) | 17/11/2018 | 1 | BX 1470 L331d 2000 | 00000026141 | 17/11/2018 | 1 |
